000
00246nam a2200097Ia 4500
001
775803
005
20250826165836.0
008
250824s9999 xx 000 0 und d
245
0
_a
MOR SALKIMLI EV
_c
HALİDE EDİP ADIVAR
260
_b
ÖZGÜR YAYINLARI
999
_c
775803
_d
775803